[Event "II. CLANSKA LIGA ZAHOD 2024"]
[Site "Komenda"]
[Date "2024.11.16"]
[Round "3.1"]
[White "Mencinger, Vojko"]
[Black "Leonardi, Caterina"]
[Result "1-0"]
[WhiteElo "2276"]
[BlackElo "1995"]
[PlyCount "65"]
[EventDate "2024.11.15"]
[WhiteTeam "SD GORENJKA LESCE"]
[BlackTeam "SK KOMENDA"]

1. e4 g6 2. d4 Bg7 3. Nc3 d6 4. f4 c5 5. d5 e6 6. Bb5+ Bd7 7. a4 Qe7 8. Nge2
Nf6 9. O-O O-O 10. dxe6 fxe6 11. Ng3 Nc6 12. Be3 h5 13. h3 Nd4 14. Bxd7 Nxd7
15. Qd3 Qh4 16. Nge2 e5 17. Bf2 Qe7 18. Nd5 Nxe2+ 19. Qxe2 Qd8 20. f5 gxf5 21.
exf5 Nf6 22. Bh4 Qd7 23. Bxf6 Bxf6 24. Qxh5 Qf7 25. Nxf6+ Qxf6 26. Rf3 Rf7 27.
Rg3+ Rg7 28. Raa3 e4 29. Rxg7+ Qxg7 30. Kh2 Qe5+ 31. Rg3+ Kf8 32. Qg6 Re8 33.
f6 1-0

[Event "II. CLANSKA LIGA ZAHOD 2024"]
[Site "Komenda"]
[Date "2024.11.16"]
[Round "3.1"]
[White "Babarovic, Fran"]
[Black "Petek, Primoz"]
[Result "0-1"]
[WhiteElo "1757"]
[BlackElo "2071"]
[PlyCount "80"]
[EventDate "2024.11.15"]
[WhiteTeam "SK KOMENDA"]
[BlackTeam "SD GORENJKA LESCE"]

1. e4 Nc6 2. d4 d5 3. e5 f6 4. f4 Nh6 5. Nf3 Bg4 6. Be2 Qd7 7. Be3 O-O-O 8. c3
Rg8 9. h3 Bxf3 10. Bxf3 Nf5 11. Bf2 g5 12. Bg4 gxf4 13. Qd3 e6 14. exf6 Bd6 15.
Na3 Rdf8 16. Nb5 Rxf6 17. Nxd6+ Qxd6 18. O-O-O Kb8 19. Rhg1 a6 20. Bxf5 Rxf5
21. g4 Rf7 22. Rdf1 e5 23. Be1 e4 24. Qd2 Re8 25. Qe2 f3 26. Qe3 Qf4 27. Bd2
Qxe3 28. Bxe3 Ne7 29. Rf2 Ng6 30. Kd2 Re6 31. b3 Nh4 32. Rgf1 Rg7 33. Rb1 Ng2
34. c4 c6 35. c5 Nxe3 36. Kxe3 Rh6 37. Kf4 Rxh3 38. g5 Rh4+ 39. Kf5 Rh5 40. Rg1
h6 0-1

[Event "II. CLANSKA LIGA ZAHOD 2024"]
[Site "Komenda"]
[Date "2024.11.16"]
[Round "3.1"]
[White "Pavlin, Damijan"]
[Black "Novakovic, Gosto"]
[Result "1-0"]
[WhiteElo "1961"]
[BlackElo "1789"]
[PlyCount "35"]
[EventDate "2024.11.15"]
[WhiteTeam "SD GORENJKA LESCE"]
[BlackTeam "SK KOMENDA"]

1. Nf3 Nf6 2. c4 e6 3. e3 h6 4. b3 Be7 5. Bb2 O-O 6. Be2 d5 7. O-O Nc6 8. d4
Bd6 9. Nbd2 Re8 10. Ne5 Nd7 11. f4 Nf8 12. Bd3 Nxe5 13. fxe5 Be7 14. Qh5 f5 15.
exf6 Bxf6 16. Ba3 Be7 17. Qf7+ Kh8 18. Bxe7 1-0

[Event "II. CLANSKA LIGA ZAHOD 2024"]
[Site "Komenda"]
[Date "2024.11.16"]
[Round "3.1"]
[White "Novakovic, Novica"]
[Black "Kelbl, Jakob"]
[Result "1/2-1/2"]
[WhiteElo "1780"]
[BlackElo "1919"]
[PlyCount "60"]
[EventDate "2024.11.15"]
[WhiteTeam "SK KOMENDA"]
[BlackTeam "SD GORENJKA LESCE"]

1. d4 Nf6 2. Bf4 g6 3. e3 Bg7 4. Nf3 d6 5. c3 O-O 6. h3 Nbd7 7. Bc4 b6 8. Nbd2
Bb7 9. O-O c5 10. Re1 Ne4 11. Nxe4 Bxe4 12. Ng5 Bb7 13. Qb3 Qe8 14. Rad1 h6 15.
Nf3 Nf6 16. Be2 Ne4 17. Nd2 Qc8 18. Bd3 Nxd2 19. Rxd2 Ba6 20. Be4 Bb7 21. Bxb7
Qxb7 22. dxc5 dxc5 23. Red1 e6 24. Qb5 g5 25. Rd7 Qe4 26. Bg3 Bf6 27. Qd3 Qxd3
28. R1xd3 Rfd8 29. Rxd8+ Rxd8 30. Rxd8+ Bxd8 1/2-1/2

[Event "II. CLANSKA LIGA ZAHOD 2024"]
[Site "Komenda"]
[Date "2024.11.16"]
[Round "3.1"]
[White "Lanjscek, Miha"]
[Black "Perme, Stanko"]
[Result "1-0"]
[WhiteElo "1857"]
[BlackElo "1514"]
[PlyCount "119"]
[EventDate "2024.11.15"]
[WhiteTeam "SD GORENJKA LESCE"]
[BlackTeam "SK KOMENDA"]

1. d4 Nf6 2. c4 g6 3. Nc3 Bg7 4. e4 d6 5. Nf3 O-O 6. Be2 Nc6 7. O-O e5 8. d5
Ne7 9. Ne1 Ne8 10. Be3 f5 11. f3 Nf6 12. b4 h6 13. c5 a6 14. Rc1 f4 15. Bf2 g5
16. Na4 Ng6 17. cxd6 cxd6 18. Nb6 Rb8 19. Qc2 h5 20. Qc7 Qxc7 21. Rxc7 g4 22.
Nd3 gxf3 23. Bxf3 Bg4 24. Rfc1 Kh8 25. Bxg4 hxg4 26. Nd7 Nxd7 27. Rxd7 Rfd8 28.
Rxd8+ Rxd8 29. Rc7 Bf6 30. Ba7 Nh4 31. Rxb7 g3 32. Rb8 Kg7 33. Rxd8 Bxd8 34.
hxg3 fxg3 35. Nc1 Ng6 36. Ne2 Nf4 37. Nxg3 Nd3 38. a3 Bc7 39. Kh2 Ne1 40. Nf5+
Kf6 41. Be3 Nc2 42. Bc1 Nd4 43. Nxd4 exd4 44. Kg3 Bb6 45. Kf4 d3 46. Be3 Bc7
47. Bd4+ Kg6 48. Ke3 Kg5 49. Kxd3 Kf4 50. Bf2 Kg4 51. a4 Kf4 52. b5 axb5 53.
axb5 Kg4 54. b6 Bb8 55. Ke3 Kg5 56. Kf3 Kg6 57. Kf4 Kf6 58. Bd4+ Ke7 59. Kf5
Kf7 60. g4 1-0

[Event "II. CLANSKA LIGA ZAHOD 2024"]
[Site "Komenda"]
[Date "2024.11.16"]
[Round "3.2"]
[White "Sirnik, Bostjan"]
[Black "Skrbec, Leon"]
[Result "1-0"]
[WhiteElo "2184"]
[BlackElo "2237"]
[PlyCount "71"]
[EventDate "2024.11.15"]
[WhiteTeam "SK RIMEX ILIRSKA BISTRICA"]
[BlackTeam "SK POSTOJNA"]

1. d4 Nf6 2. Nf3 e6 3. Bf4 c5 4. e3 Nc6 5. c3 Be7 6. h3 O-O 7. Bd3 cxd4 8. cxd4
b6 9. a3 Bb7 10. Nc3 d6 11. O-O Rc8 12. Re1 a6 13. e4 Na5 14. Qe2 b5 15. Rad1
Nc4 16. e5 Nd5 17. Nxd5 Bxd5 18. exd6 Nxd6 19. Ne5 f5 20. a4 Bg5 21. Bxg5 Qxg5
22. f3 Bb3 23. Ra1 Rfd8 24. axb5 axb5 25. Qf2 Rc7 26. Ra6 Bd5 27. Rb6 Rc1 28.
Bxb5 Qf4 29. Rxc1 Qxc1+ 30. Bf1 Qd1 31. Qh4 Rc8 32. Rxd6 h6 33. Rd8+ Rxd8 34.
Qxd8+ Kh7 35. Qh4 Qb3 36. Qf2 1-0

[Event "II. CLANSKA LIGA ZAHOD 2024"]
[Site "Komenda"]
[Date "2024.11.16"]
[Round "3.2"]
[White "Cepon, Dusan"]
[Black "Sajn, Simon"]
[Result "1-0"]
[WhiteElo "2066"]
[BlackElo "2102"]
[PlyCount "109"]
[EventDate "2024.11.15"]
[WhiteTeam "SK POSTOJNA"]
[BlackTeam "SK RIMEX ILIRSKA BISTRICA"]

1. d4 Nf6 2. Nf3 g6 3. c4 Bg7 4. g3 O-O 5. Bg2 d6 6. O-O c6 7. b3 Nbd7 8. Bb2
Qc7 9. Qc2 Re8 10. Nbd2 b6 11. Rac1 Bb7 12. Qb1 Rac8 13. Rfd1 Qb8 14. e4 e5 15.
d5 cxd5 16. cxd5 Rxc1 17. Rxc1 Rc8 18. Ba3 Rxc1+ 19. Qxc1 Nc5 20. Bxc5 bxc5 21.
Qc2 Ba6 22. Bf1 Bxf1 23. Kxf1 Qb5+ 24. Nc4 Bh6 25. Kg2 Qa6 26. a4 Ne8 27. Ne1
Qc8 28. Na5 Qd7 29. Nc6 Bf8 30. Nd3 f5 31. f3 Nf6 32. Nf2 fxe4 33. fxe4 Bh6 34.
Qe2 Qb7 35. Ng4 Bg7 36. Nxf6+ Bxf6 37. Qb5 Qb6 38. Qxb6 axb6 39. Kf3 Kf7 40.
Ke2 Ke8 41. Kd3 Kd7 42. Kc4 Kc7 43. Na7 h5 44. Nb5+ Kd7 45. Na3 g5 46. Kb5 Kc7
47. Ka6 Bd8 48. Nc4 g4 49. Nxb6 Bg5 50. Nc4 Bf4 51. Kb5 h4 52. gxh4 Bxh2 53.
Ne3 g3 54. Ng2 Bg1 55. h5 1-0

[Event "II. CLANSKA LIGA ZAHOD 2024"]
[Site "Komenda"]
[Date "2024.11.16"]
[Round "3.2"]
[White "Solmajer, Luka"]
[Black "Hrescak, Ivana"]
[Result "0-1"]
[WhiteElo "2006"]
[BlackElo "2078"]
[PlyCount "73"]
[EventDate "2024.11.15"]
[WhiteTeam "SK RIMEX ILIRSKA BISTRICA"]
[BlackTeam "SK POSTOJNA"]

1. d4 Nf6 2. c4 g6 3. Nf3 Bg7 4. g3 d6 5. Bg2 O-O 6. O-O Nbd7 7. Nc3 e5 8. h3
Re8 9. dxe5 dxe5 10. Be3 c6 11. Qd6 Bf8 12. Qd2 Qe7 13. Rfd1 Nb6 14. b3 Bf5 15.
Bg5 Bg7 16. e4 Rad8 17. Qe3 Bc8 18. Rac1 Qc7 19. a4 Be6 20. Rxd8 Rxd8 21. Nd5
cxd5 22. cxd5 Qd6 23. dxe6 Qxe6 24. a5 Nbd7 25. Rc7 b6 26. Rxa7 bxa5 27. Rxa5
Rb8 28. Nd2 Bf8 29. Ra2 Bc5 30. Qd3 Bd4 31. Bf1 Nc5 32. Qc2 Kg7 33. Ra7 Qb6 34.
Re7 Ng8 35. Nc4 Qxb3 36. Qxb3 Rxb3 37. Rd7 0-1

[Event "II. CLANSKA LIGA ZAHOD 2024"]
[Site "Komenda"]
[Date "2024.11.16"]
[Round "3.2"]
[White "Pridigar, Lovro"]
[Black "Raspor, Gregor"]
[Result "0-1"]
[WhiteElo "2058"]
[BlackElo "1978"]
[PlyCount "48"]
[EventDate "2024.11.15"]
[WhiteTeam "SK POSTOJNA"]
[BlackTeam "SK RIMEX ILIRSKA BISTRICA"]

1. d4 Nf6 2. Nf3 d5 3. Bf4 c5 4. e3 Nc6 5. c3 Qb6 6. Qb3 c4 7. Qxb6 axb6 8. Na3
e5 9. Nb5 Ra5 10. dxe5 Rxb5 11. exf6 Rxb2 12. Nd4 gxf6 13. Kd1 Nxd4 14. exd4
Rxf2 15. Bc1 Bg4+ 16. Ke1 Rc2 17. h3 Bf5 18. g4 Be4 19. Rg1 Bd6 20. Be2 Rxc3
21. Bb2 Rxh3 22. Kd1 b5 23. a4 b4 24. Rf1 Ke7 0-1

[Event "II. CLANSKA LIGA ZAHOD 2024"]
[Site "Komenda"]
[Date "2024.11.16"]
[Round "3.2"]
[White "Bradac, Simon"]
[Black "Kaluza, Dominik"]
[Result "1/2-1/2"]
[WhiteElo "1921"]
[BlackElo "1630"]
[PlyCount "88"]
[EventDate "2024.11.15"]
[WhiteTeam "SK RIMEX ILIRSKA BISTRICA"]
[BlackTeam "SK POSTOJNA"]

1. c4 e5 2. Nc3 Nf6 3. Nf3 Nc6 4. e4 d6 5. h3 h6 6. d4 g5 7. g4 exd4 8. Nxd4
Qe7 9. Nxc6 bxc6 10. Bg2 Bd7 11. O-O Bg7 12. Be3 O-O 13. Re1 a5 14. Qc2 Rab8
15. Ba7 Rb7 16. Bd4 Be6 17. e5 dxe5 18. Bxe5 Qc5 19. b3 Rd8 20. Bxf6 Bxf6 21.
Ne4 Qe7 22. Nxf6+ Qxf6 23. Bxc6 Rb6 24. Bg2 Rbd6 25. Rad1 Rxd1 26. Rxd1 Rxd1+
27. Qxd1 Kg7 28. Be4 Qe5 29. Bb1 Qf4 30. Qd3 c5 31. Kf1 Qc1+ 32. Kg2 Qf4 33.
Qh7+ Kf8 34. Qxh6+ Ke7 35. Bd3 Bxg4 36. hxg4 Qxg4+ 37. Kh1 Qf3+ 38. Kg1 Qg4+
39. Kf1 Qd1+ 40. Kg2 Qg4+ 41. Kh2 Qf4+ 42. Kh1 Qf3+ 43. Kg1 Qg4+ 44. Kh2 Qf4+
1/2-1/2

[Event "II. CLANSKA LIGA ZAHOD 2024"]
[Site "Komenda"]
[Date "2024.11.16"]
[Round "3.2"]
[White "Markovcic, Gregor"]
[Black "Delost, Josko"]
[Result "0-1"]
[WhiteElo "1531"]
[BlackElo "1798"]
[PlyCount "94"]
[EventDate "2024.11.15"]
[WhiteTeam "SK POSTOJNA"]
[BlackTeam "SK RIMEX ILIRSKA BISTRICA"]

1. d4 d5 2. Bf4 e6 3. Nf3 Nf6 4. e3 c5 5. c4 Nc6 6. Nc3 cxd4 7. exd4 Bb4 8. a3
Bxc3+ 9. bxc3 Qa5 10. Qb3 O-O 11. Be2 dxc4 12. Bxc4 Qf5 13. Be3 Na5 14. Qb4
Nxc4 15. Qxc4 b6 16. Ne5 Qe4 17. Qc6 Qxc6 18. Nxc6 Bb7 19. Ne5 Bxg2 20. Rg1 Be4
21. Bh6 Bg6 22. Nxg6 hxg6 23. Be3 Rac8 24. Rc1 Rc4 25. Bd2 Rfc8 26. Rg3 Ne4 27.
Re3 Nd6 28. Re5 Nf5 29. Kd1 Ra4 30. Ra1 Nd6 31. Re2 Nb5 32. Re3 Rxa3 33. Rxa3
Nxa3 34. Bc1 Nc4 35. Rd3 Kf8 36. Rh3 Kg8 37. Kc2 a5 38. Rg3 Rd8 39. Kb3 b5 40.
Rg5 Rd5 41. Rxd5 exd5 42. h4 f6 43. f3 Kf7 44. Bf4 Ke6 45. Bc7 Kd7 46. Bb8 Kc6
47. Ba7 Nd2+ 0-1

[Event "II. CLANSKA LIGA ZAHOD 2024"]
[Site "Komenda"]
[Date "2024.11.16"]
[Round "3.3"]
[White "Zirkelbach, Maj"]
[Black "Jocev, Milan"]
[Result "0-1"]
[WhiteElo "2261"]
[BlackElo "2246"]
[PlyCount "88"]
[EventDate "2024.11.15"]
[WhiteTeam "SD KRKA NOVO MESTO"]
[BlackTeam "SK TRZIN"]

1. d4 d5 2. c4 c6 3. Nf3 Nf6 4. Nc3 dxc4 5. a4 Bf5 6. Nh4 e6 7. Nxf5 exf5 8. e3
Bd6 9. Bxc4 O-O 10. Qf3 g6 11. h3 h5 12. Bd2 Nbd7 13. O-O-O b5 14. Qxc6 bxc4
15. Qxd6 Rb8 16. e4 Rb6 17. Qf4 Qe7 18. Nd5 Nxd5 19. exd5 Nf6 20. d6 Qb7 21.
Bc3 Ne4 22. Qf3 Rd8 23. d7 Qxd7 24. Rhe1 Qxa4 25. Rxe4 fxe4 26. Qxe4 Re6 27.
Qf3 Rde8 28. Kb1 Rf6 29. Qxf6 Qxd1+ 30. Ka2 Qa4+ 31. Kb1 Qd1+ 32. Ka2 Re6 33.
Qd8+ Kh7 34. Qc8 Qa4+ 35. Kb1 Ra6 36. Kc1 Qc6 37. Qf8 Ra1+ 38. Kd2 Qe6 39. Qh8+
Kxh8 40. d5+ Kg8 41. dxe6 fxe6 42. Ke3 Rd1 43. Ke4 Kf7 44. h4 Rd5 0-1

[Event "II. CLANSKA LIGA ZAHOD 2024"]
[Site "Komenda"]
[Date "2024.11.16"]
[Round "3.3"]
[White "Jacob, Tobias"]
[Black "Kastelic, Marjan"]
[Result "1-0"]
[WhiteElo "2094"]
[BlackElo "2258"]
[PlyCount "77"]
[EventDate "2024.11.15"]
[WhiteTeam "SK TRZIN"]
[BlackTeam "SD KRKA NOVO MESTO"]

1. d4 Nf6 2. c4 g6 3. Nc3 d5 4. Nf3 Bg7 5. e3 O-O 6. Qb3 c6 7. Bd2 dxc4 8. Bxc4
b5 9. Be2 a6 10. a4 Nbd7 11. O-O Rb8 12. Qc2 Bb7 13. b4 Qc7 14. Ne1 e5 15. Nd3
Rfe8 16. Rac1 Qd6 17. dxe5 Nxe5 18. Nc5 Bc8 19. N3e4 Nxe4 20. Nxe4 Qe7 21. Nc5
Nd7 22. Nd3 Nb6 23. a5 Nc4 24. Nc5 Bf5 25. Qa2 Nxd2 26. Qxd2 Rbd8 27. Qa2 Qg5
28. Bf3 Rd6 29. Qe2 Bd4 30. Nxa6 Rxe3 31. fxe3 Bxe3+ 32. Kh1 Bxc1 33. Qe8+ Kg7
34. Qe5+ Rf6 35. Nc7 Kh6 36. Ne8 Bd3 37. Qxf6 Qxf6 38. Nxf6 Bxf1 39. a6 1-0

[Event "II. CLANSKA LIGA ZAHOD 2024"]
[Site "Komenda"]
[Date "2024.11.16"]
[Round "3.3"]
[White "Zupancic, Urban"]
[Black "Krupenko, Peter"]
[Result "1-0"]
[WhiteElo "2071"]
[BlackElo "1923"]
[PlyCount "97"]
[EventDate "2024.11.15"]
[WhiteTeam "SD KRKA NOVO MESTO"]
[BlackTeam "SK TRZIN"]

1. e4 e5 2. Nf3 Nf6 3. Nxe5 d6 4. Nf3 Nxe4 5. d4 d5 6. Bd3 Be7 7. O-O O-O 8.
Re1 Bf5 9. Nbd2 Nd6 10. Bxf5 Nxf5 11. Nf1 Re8 12. Qd3 Nd6 13. Ne3 c6 14. Nf5
Nxf5 15. Qxf5 g6 16. Qd3 Nd7 17. Bf4 Nf8 18. Re2 Ne6 19. Bg3 Bf6 20. Rae1 Ng7
21. Be5 Ne6 22. g3 Ng7 23. Kg2 Ne6 24. h4 Bxe5 25. Nxe5 Ng7 26. c3 h5 27. Qd2
Qf6 28. Qg5 Qxg5 29. hxg5 Red8 30. f4 Nf5 31. g4 hxg4 32. Nxg4 Kg7 33. Nf6 Nh4+
34. Kf2 Nf5 35. Ne8+ Kf8 36. Rh1 Kg8 37. Nf6+ Kg7 38. Rh7+ Kf8 39. Kf3 a6 40.
Kg4 Rab8 41. Re5 Ra8 42. Rxf5 gxf5+ 43. Kxf5 Ke7 44. g6 Rf8 45. g7 Rg8 46. Ke5
Rae8 47. Nxe8 Rxe8 48. Rh8 f6+ 49. Kf5 1-0

[Event "II. CLANSKA LIGA ZAHOD 2024"]
[Site "Komenda"]
[Date "2024.11.16"]
[Round "3.3"]
[White "Krumpak, Hinko"]
[Black "Rifelj, Luka"]
[Result "1/2-1/2"]
[WhiteElo "2002"]
[BlackElo "1962"]
[PlyCount "80"]
[EventDate "2024.11.15"]
[WhiteTeam "SK TRZIN"]
[BlackTeam "SD KRKA NOVO MESTO"]

1. Nf3 Nf6 2. c4 c5 3. Nc3 Nc6 4. g3 g6 5. Bg2 Bg7 6. O-O O-O 7. d4 cxd4 8.
Nxd4 d6 9. Nxc6 bxc6 10. Bxc6 Bh3 11. Bg2 Bxg2 12. Kxg2 Rc8 13. Qa4 Qc7 14. Be3
Ng4 15. Qxa7 Qxa7 16. Bxa7 Bxc3 17. bxc3 Rxc4 18. h3 Ra8 19. Bd4 Nh6 20. Be3
Nf5 21. Bd2 d5 22. Rfb1 Rca4 23. Rb2 Nd6 24. Rc2 Nc4 25. Bc1 f6 26. Be3 R8a5
27. Rb1 Kf7 28. Bb6 Rxa2 29. Rxa2 Rxa2 30. Bc5 Rxe2 31. Rb7 Ke8 32. Rb8+ Kd7
33. Rb7+ Kd8 34. Ra7 h5 35. Ra8+ Kd7 36. Ra7+ Ke8 37. Ra8+ Kf7 38. Ra7 Ke8 39.
Ra8+ Kf7 40. Ra7 Ke8 1/2-1/2

[Event "II. CLANSKA LIGA ZAHOD 2024"]
[Site "Komenda"]
[Date "2024.11.16"]
[Round "3.3"]
[White "Salmanov, Samir"]
[Black "Leben, Dusan"]
[Result "1/2-1/2"]
[WhiteElo "2001"]
[BlackElo "1876"]
[PlyCount "129"]
[EventDate "2024.11.15"]
[WhiteTeam "SD KRKA NOVO MESTO"]
[BlackTeam "SK TRZIN"]

1. e4 e5 2. Nf3 Nf6 3. Nxe5 d6 4. Nf3 Nxe4 5. d4 d5 6. Bd3 Bd6 7. O-O O-O 8. c4
c6 9. c5 Bc7 10. Bxe4 dxe4 11. Ng5 f5 12. Nc3 Qd7 13. f3 h6 14. Nh3 exf3 15.
Rxf3 Na6 16. Nf4 Qf7 17. Qb3 Qxb3 18. axb3 Bxf4 19. Bxf4 g5 20. Bd6 Re8 21. Kf2
Nb4 22. Rd1 f4 23. h3 Be6 24. Rh1 Bd5 25. Nxd5 Nxd5 26. g3 Re4 27. gxf4 gxf4
28. Be5 Kh7 29. Re1 Rxe1 30. Kxe1 Rf8 31. Rf1 Rf7 32. Rg1 f3 33. Kf2 Nb4 34.
Rf1 Kg6 35. Kg3 Rf5 36. Bf4 Nc2 37. Be5 f2 38. Rxf2 Rxf2 39. Kxf2 Kf5 40. Kf3
Nb4 41. Ke3 h5 42. h4 Nd5+ 43. Kf3 Ne7 44. Bd6 Ng6 45. Bg3 a6 46. Ke3 Ne7 47.
Kf3 Nd5 48. Be5 Nb4 49. Bg7 Nd3 50. Ke3 Nf4 51. Kf3 Ng6 52. Kg3 Ke4 53. Bf6 Nf4
54. Bg7 Ne2+ 55. Kf2 Nc1 56. b4 Nd3+ 57. Ke2 Nxb4 58. Kd2 Nd5 59. Kc2 Ne3+ 60.
Kc3 Nd5+ 61. Kc4 Ke3 62. Bh6+ Ke2 63. Bg5 Ne7 64. Bf4 Nd5 65. Bg5 1/2-1/2

[Event "II. CLANSKA LIGA ZAHOD 2024"]
[Site "Komenda"]
[Date "2024.11.16"]
[Round "3.3"]
[White "Bajec, Borut"]
[Black "Hudoklin, Jurij"]
[Result "1-0"]
[WhiteElo "1774"]
[BlackElo "1635"]
[PlyCount "113"]
[EventDate "2024.11.15"]
[WhiteTeam "SK TRZIN"]
[BlackTeam "SD KRKA NOVO MESTO"]

1. d4 d5 2. Nf3 Nf6 3. c4 e6 4. Nc3 a6 5. e3 c5 6. Bd3 cxd4 7. exd4 dxc4 8.
Bxc4 b5 9. Bd3 Bb7 10. O-O Bd6 11. Bg5 O-O 12. Rc1 Nbd7 13. Ne4 Be7 14. Nc5
Nxc5 15. dxc5 Qd5 16. b4 h6 17. Bxf6 Bxf6 18. Qc2 Rfd8 19. Rcd1 Qc6 20. Rfe1
Qc7 21. Be4 Bxe4 22. Qxe4 a5 23. a3 axb4 24. axb4 Ra4 25. Rb1 g6 26. h3 Rd5 27.
Qe2 Bc3 28. Qxb5 Rxb4 29. Rxb4 Kg7 30. Rbb1 Rxc5 31. Qe2 Bxe1 32. Rxe1 Rc2 33.
Qd3 Qc5 34. Qd4+ Qxd4 35. Nxd4 Rd2 36. Nf3 Rb2 37. Rc1 Rb7 38. g3 g5 39. Rc5
Rd7 40. Ne5 Rd1+ 41. Kg2 Kf6 42. Ng4+ Kg6 43. Rc8 f5 44. Ne3 Rd4 45. Rc6 Re4
46. Kf3 h5 47. g4 hxg4+ 48. hxg4 Rf4+ 49. Kg3 fxg4 50. Nxg4 Kf5 51. Ne3+ Ke5
52. Rc5+ Kf6 53. Ng4+ Kg6 54. Re5 Kh5 55. f3 Ra4 56. Rxe6 Ra6 57. Nf6+ 1-0

[Event "II. CLANSKA LIGA ZAHOD 2024"]
[Site "Komenda"]
[Date "2024.11.16"]
[Round "3.4"]
[White "Sajovic, Marko"]
[Black "Buha, Drago"]
[Result "0-1"]
[WhiteElo "2190"]
[BlackElo "1957"]
[PlyCount "110"]
[EventDate "2024.11.15"]
[WhiteTeam "DRUSTVO TOMO ZUPAN"]
[BlackTeam "SD RADOVLJICA"]

1. e4 e5 2. Nf3 Nc6 3. Bc4 h6 4. O-O Bc5 5. c3 Bb6 6. d4 exd4 7. cxd4 d6 8. h3
Nge7 9. Nc3 O-O 10. Re1 Ng6 11. Nd5 Nh4 12. Nxb6 axb6 13. Be3 Qf6 14. Nxh4 Qxh4
15. f3 Ne7 16. Rc1 c6 17. Qd2 Bd7 18. a3 Qh5 19. Qb4 Qg6 20. Kf2 b5 21. Bd3 Ra4
22. Qc3 Qh5 23. Bf4 Qh4+ 24. Bg3 Qf6 25. b4 Rfa8 26. Ra1 Ng6 27. Bc2 R4a7 28.
Re3 Ra6 29. Qb2 R6a7 30. Rd1 b6 31. e5 dxe5 32. dxe5 Qg5 33. f4 Qh5 34. Rd6 Nf8
35. Bd1 Qf5 36. Bg4 Qh7 37. Bxd7 Rxd7 38. Rxc6 Rad8 39. Qb3 Rd1 40. Rc2 Ne6 41.
Qc3 Qf5 42. Rf3 Nd4 43. Rd2 Nxf3 44. Rxd8+ Rxd8 45. Qxf3 Qc2+ 46. Kg1 Rd1+ 47.
Kh2 Qc1 48. Bf2 Rf1 49. f5 Qb2 50. Qa8+ Kh7 51. Bg3 Qb1 52. Bh4 Rh1+ 53. Kg3
Qxf5 54. Qf3 Qxe5+ 55. Kf2 Qe1# 0-1

[Event "II. CLANSKA LIGA ZAHOD 2024"]
[Site "Komenda"]
[Date "2024.11.16"]
[Round "3.4"]
[White "Prestrl, Jozef"]
[Black "Rozman, Mitja"]
[Result "1/2-1/2"]
[WhiteElo "1875"]
[BlackElo "1995"]
[PlyCount "86"]
[EventDate "2024.11.15"]
[WhiteTeam "SD RADOVLJICA"]
[BlackTeam "DRUSTVO TOMO ZUPAN"]

1. d4 Nf6 2. c4 g6 3. Nc3 Bg7 4. Nf3 O-O 5. h3 c6 6. e3 a6 7. a4 a5 8. Be2 Na6
9. O-O Nb4 10. Bd2 d6 11. Na2 Nxa2 12. Rxa2 Ne4 13. Bc1 e5 14. dxe5 dxe5 15.
Qxd8 Rxd8 16. Rd1 Rxd1+ 17. Bxd1 Be6 18. Be2 b5 19. axb5 cxb5 20. Nd2 Nxd2 21.
Bxd2 Bxc4 22. Bxc4 bxc4 23. Rxa5 Rxa5 24. Bxa5 e4 25. Bc3 Bxc3 26. bxc3 Kf8 27.
Kf1 Ke7 28. Ke1 Kd6 29. Kd1 h5 30. Kc1 Kc5 31. Kb2 {(=)} f6 32. Ka3 Kb5 33. Kb2
Ka4 34. Ka2 g5 35. g3 Kb5 36. Ka3 Ka5 37. Ka2 Ka4 38. Kb2 Ka5 39. Ka2 h4 40.
gxh4 gxh4 41. Ka3 Kb5 42. Ka2 Ka6 43. Ka3 Ka5 1/2-1/2

[Event "II. CLANSKA LIGA ZAHOD 2024"]
[Site "Komenda"]
[Date "2024.11.16"]
[Round "3.4"]
[White "Demsar, Maks"]
[Black "Krivec, Metod"]
[Result "1-0"]
[WhiteElo "1958"]
[BlackElo "1855"]
[PlyCount "61"]
[EventDate "2024.11.15"]
[WhiteTeam "DRUSTVO TOMO ZUPAN"]
[BlackTeam "SD RADOVLJICA"]

1. e4 e6 2. c4 d5 3. cxd5 exd5 4. exd5 Qxd5 5. Nc3 Qe6+ 6. Be2 c6 7. Nf3 Be7 8.
O-O Nf6 9. Re1 O-O 10. d4 Qd6 11. h3 Nbd7 12. Bg5 Nb6 13. Bd3 Nbd5 14. a3 Be6
15. Qc2 h6 16. Bh4 Rad8 17. Rad1 Qd7 18. Ne5 Qc7 19. Ng6 fxg6 20. Rxe6 g5 21.
Bg3 Bd6 22. Bxd6 Rxd6 23. Nb5 Qf7 24. Rxd6 cxb5 25. Re1 a6 26. Bg6 Qc7 27. Qxc7
Nxc7 28. Re5 Rc8 29. Rc5 Kf8 30. Bf5 Ke7 31. Rxf6 1-0

[Event "II. CLANSKA LIGA ZAHOD 2024"]
[Site "Komenda"]
[Date "2024.11.16"]
[Round "3.4"]
[White "Torkar, Boris"]
[Black "Mlacnik, Franc"]
[Result "1-0"]
[WhiteElo "1882"]
[BlackElo "1963"]
[PlyCount "71"]
[EventDate "2024.11.15"]
[WhiteTeam "SD RADOVLJICA"]
[BlackTeam "DRUSTVO TOMO ZUPAN"]

1. d4 d5 2. c4 e6 3. e3 Nf6 4. Nf3 Bb4+ 5. Bd2 a5 6. Be2 O-O 7. O-O Nc6 8. a3
Bd6 9. Bc3 Ne4 10. Qc2 f5 11. Nbd2 Rf6 12. Ne5 Rh6 13. g3 Qf6 14. f4 Bxe5 15.
dxe5 Qf7 16. Nxe4 dxe4 17. b4 Qe7 18. Qb3 g5 19. Rfd1 Rg6 20. bxa5 gxf4 21.
exf4 Nxa5 22. Qb4 c5 23. Qb6 Nc6 24. Rd6 Qh4 25. Be1 Qxf4 26. Qxc5 Kf7 27. Bh5
Qxe5 28. Bxg6+ Kxg6 29. Qxe5 Nxe5 30. c5 Nf3+ 31. Kg2 Kg5 32. Bb4 b5 33. cxb6
Bb7 34. Rd7 Bd5 35. Rxd5 exd5 36. Bd6 1-0

[Event "II. CLANSKA LIGA ZAHOD 2024"]
[Site "Komenda"]
[Date "2024.11.16"]
[Round "3.5"]
[White "Vodnik, Val"]
[Black "Skoberne, Jure"]
[Result "0-1"]
[WhiteElo "1793"]
[BlackElo "2540"]
[PlyCount "76"]
[EventDate "2024.11.15"]
[WhiteTeam "SD VRHNIKA"]
[BlackTeam "SD POSOCJE"]

1. d4 Nf6 2. c4 g6 3. Nc3 Bg7 4. e4 d6 5. Nf3 O-O 6. g3 Bg4 7. Bg2 Nc6 8. Be3
e5 9. dxe5 Nxe5 10. Qe2 Re8 11. h3 Bxf3 12. Bxf3 Nxf3+ 13. Qxf3 Qd7 14. O-O
Qxh3 15. Rfe1 Qe6 16. Bd4 c6 17. Rad1 Ng4 18. Bxg7 Kxg7 19. b3 Rad8 20. Qd3 h5
21. Kg2 b6 22. a4 Qe5 23. Nb1 Qc5 24. Qd4+ Qxd4 25. Rxd4 f5 26. f3 Nf6 27. Nc3
fxe4 28. fxe4 Ng4 29. a5 bxa5 30. Rd2 Rb8 31. Rb1 a4 32. Nxa4 Rxe4 33. Rxd6
Re2+ 34. Kg1 Re3 35. Kg2 Rf8 36. Rf1 Rxf1 37. Kxf1 Rxg3 38. Rxc6 h4 0-1

[Event "II. CLANSKA LIGA ZAHOD 2024"]
[Site "Komenda"]
[Date "2024.11.16"]
[Round "3.5"]
[White "Jovanovic, Zoran"]
[Black "Gorsic, Jure"]
[Result "1-0"]
[WhiteElo "2520"]
[BlackElo "1870"]
[PlyCount "67"]
[EventDate "2024.11.15"]
[WhiteTeam "SD POSOCJE"]
[BlackTeam "SD VRHNIKA"]

1. e4 c5 2. Nc3 e6 3. Nf3 a6 4. g3 Nc6 5. Bg2 Qc7 6. d4 cxd4 7. Nxd4 Be7 8. O-O
Nf6 9. Re1 d6 10. Nxc6 bxc6 11. e5 dxe5 12. Rxe5 O-O 13. Re1 Rd8 14. Qe2 Bb7
15. Bf4 Qb6 16. Na4 Qa5 17. b3 Nd5 18. Bd2 Bb4 19. Bxb4 Qxb4 20. Qe5 Qd6 21.
Qxd6 Rxd6 22. Nc5 Rb8 23. Rad1 Ba8 24. c4 Rc8 25. b4 a5 26. bxa5 Kf8 27. cxd5
cxd5 28. Rc1 Rdc6 29. Nd7+ Ke8 30. Rxc6 Bxc6 31. Nb6 Rb8 32. Bxd5 Rxb6 33. axb6
Bxd5 34. Rb1 1-0

[Event "II. CLANSKA LIGA ZAHOD 2024"]
[Site "Komenda"]
[Date "2024.11.16"]
[Round "3.5"]
[White "Biti, Ozren"]
[Black "Markovic, Jelena"]
[Result "1-0"]
[WhiteElo "2284"]
[BlackElo "1779"]
[PlyCount "35"]
[EventDate "2024.11.15"]
[WhiteTeam "SD POSOCJE"]
[BlackTeam "SD VRHNIKA"]

1. e4 d6 2. d4 g6 3. Nc3 Bg7 4. Be3 c6 5. Qd2 Nf6 6. h3 b5 7. Bd3 b4 8. Nce2 a5
9. Nf3 Ba6 10. Bh6 O-O 11. Ng3 Re8 12. O-O-O Nbd7 13. e5 dxe5 14. dxe5 Nd5 15.
e6 Bxd3 16. exd7 Qxd7 17. cxd3 Bxb2+ 18. Qxb2 1-0